[Event "32nd ch-BAN"]
[Site "Dhaka BAN"]
[Date "2006.03.10"]
[Round "1"]
[White "Rahman,SM"]
[Black "Hossain,Enay"]
[Result "1-0"]
[WhiteElo "2273"]
[BlackElo "2110"]
[EventDate "2006.03.10"]

1. e4 d6 2. d4 Nf6 3. Nc3 Nc6 4. d5 Nb8 5. f4 e5 6. Nf3 Bg4 7. h3 Bxf3 8.
Qxf3 exf4 9. Bxf4 Nbd7 10. Be2 g6 11. O-O a6 12. e5 Nh5 13. e6 fxe6 14.
dxe6 Ndf6 15. g4 Nxf4 16. Qxf4 Bg7 17. g5 O-O 18. gxf6 Rxf6 19. Qg4 d5 20.
Rxf6 Bxf6 21. Bd3 c6 22. Rf1 Kh8 23. Qf4 Kg7 24. Ne2 Qe7 25. Qg4 Rf8 26. b3
Kh8 27. Kh1 Be5 28. Rxf8+ Qxf8 29. Kg2 Qf6 30. h4 Bd6 31. Ng1 b5 32. b4 Be7
33. Nf3 Kg8 34. h5 g5 35. Qf5 h6 36. Ne5 c5 37. Qh7+ 1-0

[Event "32nd ch-BAN"]
[Site "Dhaka BAN"]
[Date "2006.03.10"]
[Round "1"]
[White "Reefat,S"]
[Black "Abdul,Mal"]
[Result "0-1"]
[WhiteElo "2478"]
[BlackElo "2233"]
[EventDate "2006.03.10"]

1. e4 d5 2. exd5 Qxd5 3. Nc3 Qd6 4. d4 Nf6 5. Nge2 Bg4 6. f3 Bd7 7. Bf4 Qb6
8. Qd2 e6 9. g4 Bc6 10. Bg2 Nbd7 11. O-O-O O-O-O 12. g5 Nd5 13. Nxd5 Bxd5
14. Kb1 Bb4 15. Qd3 Qc6 16. b3 b5 17. Bc1 Nb6 18. a3 Bd6 19. Nc3 a6 20. Bb2
Kb7 21. Ne4 Ka7 22. h4 Bf4 23. Qe2 Rhe8 24. Nf2 Nc4 25. bxc4 bxc4 26. Qe1
Rb8 27. Qc3 Rb6 28. Ka1 Reb8 29. Rb1 Qa4 30. Ne4 Bd6 31. Nc5 Qc6 32. Ne4
Qa4 33. Nxd6 cxd6 34. Rhe1 Rb4 35. Ka2 R4b5 36. Ba1 Qxc2+ 37. Qxc2 c3+ 38.
Qb3 Rxb3 39. Rxb3 Rxb3 40. a4 c2 0-1

[Event "32nd ch-BAN"]
[Site "Dhaka BAN"]
[Date "2006.03.10"]
[Round "1"]
[White "Haque,R1"]
[Black "Hasan Md,E"]
[Result "1-0"]
[WhiteElo "2193"]
[BlackElo "2147"]
[EventDate "2006.03.10"]

1. Nf3 d5 2. d3 g6 3. c3 Bg7 4. Bg5 Nf6 5. Nbd2 O-O 6. e4 h6 7. Bh4 Nc6 8.
Be2 Nh5 9. O-O Nf4 10. Re1 d4 11. cxd4 Nxd4 12. Nxd4 Qxd4 13. Bxe7 Re8 14.
Ba3 Qd8 15. Nf3 Bg4 16. Bf1 Qf6 17. Re3 Rad8 18. h3 Bc8 19. Qc2 g5 20. Qxc7
g4 21. hxg4 Bxg4 22. Be7 Qxe7 23. Qxf4 Bxf3 24. Rxf3 Rd6 25. Rb1 Rc8 26.
Rg3 Rcc6 27. e5 Rg6 28. Rxg6 Rxg6 29. d4 Qd7 30. f3 Rg5 31. Bc4 b5 32. Bb3
a5 33. a3 a4 34. Ba2 Qa7 35. Rc1 Bxe5 36. Qxf7+ Qxf7 37. Bxf7+ Kxf7 38.
dxe5 Rxe5 39. Kf2 h5 40. Rc2 Kf6 41. f4 Rd5 42. Ke3 Kf5 43. Rc8 Kf6 44.
Rc6+ Ke7 45. Rc2 h4 46. Ke4 Rd1 47. Kf5 Rd3 48. Kg4 Rd4 49. Rf2 Kf6 50.
Kxh4 Kf5 51. g4+ Ke4 52. f5 Ke3 53. Kg3 Rd1 54. f6 Rg1+ 55. Rg2 Rf1 56. g5
Rf5 57. Kg4 Rf4+ 58. Kh5 Kf3 59. Rg1 Ke3 60. Rg4 Rf2 61. Rb4 1-0

[Event "32nd ch-BAN"]
[Site "Dhaka BAN"]
[Date "2006.03.10"]
[Round "1"]
[White "Ahmed,SN"]
[Black "Hossain,D"]
[Result "1-0"]
[WhiteElo "2321"]
[BlackElo "2136"]
[EventDate "2006.03.10"]

1. e4 d6 2. d4 Nf6 3. Nc3 g6 4. Bg5 Bg7 5. f4 h6 6. Bh4 c6 7. Qd2 d5 8. e5
Nh7 9. Nf3 Bf5 10. Bd3 Qc8 11. O-O-O Bxd3 12. Qxd3 Qf5 13. Qe3 Na6 14. Ne2
Qd7 15. h3 O-O-O 16. g4 Rde8 17. Rhg1 e6 18. Rdf1 Bf8 19. f5 exf5 20. gxf5
g5 21. Be1 Be7 22. Qd3 Qc7 23. Kb1 Bb4 24. c3 Be7 25. h4 f6 26. Bg3 Qb6 27.
Rh1 fxe5 28. Bxe5 Rhg8 29. hxg5 Nxg5 30. f6 Ba3 31. b3 Nf7 32. Qf5+ Kd8 33.
Qh7 Ref8 34. Nf4 Qb5 35. Ne6+ Ke8 36. Ng7+ Kd8 37. Ne6+ Ke8 38. Qc2 Rg4 39.
Nxf8 Kxf8 40. Rhg1 Re4 41. Re1 Qa5 42. Nd2 Ng5 43. Nxe4 Nxe4 44. Rxe4 dxe4
45. Qg2 Qd5 46. Qg7+ Ke8 47. Qxb7 e3 48. Qc8+ 1-0

[Event "32nd ch-BAN"]
[Site "Dhaka BAN"]
[Date "2006.03.10"]
[Round "1"]
[White "Abdulla,AlR"]
[Black "Hasan,Me"]
[Result "1-0"]
[WhiteElo "2477"]
[BlackElo "2349"]
[EventDate "2006.03.10"]

1. d4 d5 2. c4 c6 3. e3 Nf6 4. Bd3 e5 5. Nc3 e4 6. Bc2 Bd6 7. Nge2 O-O 8.
Bd2 Na6 9. a3 Re8 10. c5 Bb8 11. Ng3 b6 12. b4 Nc7 13. O-O bxc5 14. bxc5
Ne6 15. f3 Bxg3 16. hxg3 Ba6 17. Re1 exf3 18. gxf3 Nh5 19. f4 Nxg3 20. Qf3
Ne4 21. Nxe4 dxe4 22. Qxe4 g6 23. Qg2 Rb8 24. Bc3 Bc4 25. Rab1 Qh4 26. Qh2
Qg4+ 27. Kf2 Rxb1 28. Bxb1 Nc7 29. Qg3 Qxg3+ 30. Kxg3 Nd5 31. Bd2 f5 32. e4
fxe4 33. Bxe4 Kf7 34. f5 gxf5 35. Bxf5 Rxe1 36. Bxe1 Nf6 37. Kf4 h5 38. Ke5
Bd5 39. Bh4 Ng4+ 40. Kd6 Ne3 41. Bd7 Ng2 42. Bg3 h4 43. Bh2 Ne1 44. Bxc6
Bxc6 45. Kxc6 Nf3 46. Kb7 Nxd4 47. c6 Nxc6 48. Kxc6 Ke6 49. a4 a5 50. Bc7
h3 51. Bh2 Ke7 52. Kb6 Kd7 53. Kxa5 Kc6 54. Ka6 Kc5 55. a5 Kc6 56. Bg3 1-0

[Event "32nd ch-BAN"]
[Site "Dhaka BAN"]
[Date "2006.03.11"]
[Round "2"]
[White "Abu Sufian,S"]
[Black "Hasan,Me"]
[Result "1-0"]
[WhiteElo "2278"]
[BlackElo "2349"]
[EventDate "2006.03.10"]

1. e4 c5 2. Nf3 d6 3. d4 cxd4 4. Nxd4 Nf6 5. Nc3 a6 6. Bc4 e6 7. Bb3 Nbd7
8. f4 Nc5 9. Qf3 Be7 10. f5 Bd7 11. Bg5 O-O 12. O-O-O Nxb3+ 13. axb3 Qc8
14. g4 a5 15. Be3 a4 16. g5 Ne8 17. bxa4 Bxa4 18. Rhg1 b5 19. Qh5 e5 20.
Nde2 d5 21. Rxd5 b4 22. Nxa4 Rxa4 23. Rg4 b3 24. Nc3 Ra1+ 25. Kd2 bxc2 26.
Kxc2 Nc7 27. Rh4 h6 28. gxh6 Bxh4 29. hxg7 Kxg7 30. Qg4+ Kh7 31. Qxh4+ Kg8
32. Qg5+ Kh7 33. Qh6+ Kg8 34. Rd2 f6 35. Qg6+ Kh8 36. Qh5+ 1-0

[Event "32nd ch-BAN"]
[Site "Dhaka BAN"]
[Date "2006.03.11"]
[Round "2"]
[White "Murshed,N"]
[Black "Abdulla,AlR"]
[Result "1/2-1/2"]
[WhiteElo "2460"]
[BlackElo "2477"]
[EventDate "2006.03.10"]

1. c4 e5 2. g3 Nf6 3. Bg2 Nc6 4. Nc3 Bc5 5. a3 O-O 6. e3 a6 7. Nge2 d6 8.
h3 Rb8 9. O-O Bd7 10. b4 Ba7 11. d4 Re8 12. Kh2 h6 13. Bb2 exd4 14. exd4
Ne7 15. Qd2 Nf5 16. Rae1 c6 17. d5 cxd5 18. Nxd5 Nxd5 19. Bxd5 Qg5 20. Nf4
Bc6 21. Rxe8+ Rxe8 22. Re1 Rxe1 23. Qxe1 Qe7 24. Qxe7 1/2-1/2

[Event "32nd ch-BAN"]
[Site "Dhaka BAN"]
[Date "2006.03.11"]
[Round "2"]
[White "Hossain,D"]
[Black "Hossain,Enam"]
[Result "0-1"]
[WhiteElo "2136"]
[BlackElo "2468"]
[EventDate "2006.03.10"]

1. e4 c5 2. Nc3 a6 3. Nf3 e6 4. g3 b5 5. d3 Bb7 6. Bg2 Nf6 7. O-O d5 8.
exd5 Nxd5 9. Ne4 Be7 10. Qe2 Nc6 11. c3 O-O 12. Bg5 Bxg5 13. Nfxg5 Qe7 14.
Rfe1 h6 15. Nh3 e5 16. f4 exf4 17. gxf4 Nf6 18. Qf2 Nxe4 19. dxe4 Rad8 20.
Qe3 Rd7 21. Rad1 Rxd1 22. Rxd1 Rd8 23. Rxd8+ Nxd8 24. Nf2 Ne6 25. Nd3 c4
26. Nf2 Nc5 27. Qd4 Qc7 28. e5 Bxg2 29. Kxg2 Qc6+ 30. Kg3 Qg6+ 31. Kf3 Qh5+
32. Ke3 Ne6 33. Qe4 Qxh2 34. Qf3 g5 35. Ng4 gxf4+ 0-1

[Event "32nd ch-BAN"]
[Site "Dhaka BAN"]
[Date "2006.03.11"]
[Round "2"]
[White "Hasan Md,E"]
[Black "Ahmed,SN"]
[Result "0-1"]
[WhiteElo "2147"]
[BlackElo "2321"]
[EventDate "2006.03.10"]

1. e4 c5 2. Nf3 e6 3. d3 Nc6 4. g3 g6 5. Bg2 Bg7 6. O-O Nge7 7. c3 O-O 8.
Be3 b6 9. d4 cxd4 10. cxd4 Ba6 11. Re1 Rc8 12. Nc3 Na5 13. Qc1 Bb7 14. Bh6
a6 15. h4 b5 16. Bxg7 Kxg7 17. b4 Nc4 18. Nh2 h5 19. g4 hxg4 20. Nxg4 Ng8
21. Qg5 f6 22. Qf4 f5 23. Ne5 Nxe5 24. Qxe5+ Qf6 25. Qxf6+ Nxf6 26. Re3
fxe4 27. Nxe4 Nxe4 28. Bxe4 Bxe4 29. Rxe4 Rc2 30. Rg4 Kh6 31. d5 exd5 32.
Rd1 Rf5 33. a3 Rcxf2 34. Rgd4 R2f3 35. Rxd5 Rxd5 36. Rxd5 Rxa3 37. Rxd7 Ra4
38. Ra7 Rxb4 39. Rxa6 Rxh4 40. Rb6 Rb4 41. Kg2 Kh5 42. Rd6 g5 43. Kg3 Rb3+
44. Kg2 Kg4 45. Rd4+ Kf5 46. Rd5+ Kf4 47. Rd4+ Ke5 48. Rg4 Kf5 49. Rd4 Re3
50. Rb4 Re5 51. Kg3 Ke6 0-1

[Event "32nd ch-BAN"]
[Site "Dhaka BAN"]
[Date "2006.03.11"]
[Round "2"]
[White "Hossain,Enay"]
[Black "Reefat,S"]
[Result "0-1"]
[WhiteElo "2110"]
[BlackElo "2478"]
[EventDate "2006.03.10"]

1. d4 d5 2. Bg5 h6 3. Bh4 c6 4. c3 Qb6 5. Qc1 Bf5 6. Nd2 Nd7 7. f3 Ngf6 8.
e3 e5 9. Bf2 exd4 10. exd4 Bd6 11. Be2 O-O 12. Kf1 Bg6 13. g3 c5 14. Nb3 c4
15. Nd2 Rfe8 16. Kg2 Qc6 17. Nf1 b5 18. Bd1 b4 19. Bc2 bxc3 20. bxc3 Rab8
21. Bxg6 fxg6 22. Ne3 Nf8 23. Qc2 Ba3 24. Nd1 g5 25. h3 Re7 26. Rb1 Rbe8
27. Qd2 Nh5 28. Ne3 Qg6 29. Rb5 Nf4+ 30. gxf4 Rxe3 31. f5 Qc6 32. Ra5 Rd3
33. Qc2 Bd6 34. Ne2 Qc8 35. Nc1 Qxf5 36. Nxd3 cxd3 37. Qb3 Ng6 38. Re1 Nf4+
39. Kg1 Qxh3 0-1

[Event "32nd ch-BAN"]
[Site "Dhaka BAN"]
[Date "2006.03.11"]
[Round "2"]
[White "Rahman,Zia"]
[Black "Rahman,SM"]
[Result "1-0"]
[WhiteElo "2557"]
[BlackElo "2273"]
[EventDate "2006.03.10"]

1. Nf3 Nf6 2. c4 c5 3. Nc3 g6 4. d4 cxd4 5. Nxd4 b6 6. e4 d6 7. g3 Bb7 8.
Bg2 Nbd7 9. O-O a6 10. Re1 Qb8 11. Nd5 e5 12. Nxf6+ Nxf6 13. Qa4+ Nd7 14.
Ne2 Bg7 15. Nc3 Qc7 16. Bd2 O-O 17. Nd5 Qd8 18. Rac1 f5 19. exf5 Nc5 20.
Qc2 gxf5 21. b4 Ne6 22. Be3 b5 23. cxb5 Kh8 24. Nc7 Nxc7 25. Bxb7 Nxb5 26.
Bxa8 Qxa8 27. Qc6 d5 28. a4 Na3 29. Bh6 Nc4 30. Bxg7+ Kxg7 31. Qe6 Rf6 32.
Qe7+ Rf7 33. Qg5+ Kh8 34. Red1 Rf8 35. Rxc4 1-0

[Event "32nd ch-BAN"]
[Site "Dhaka BAN"]
[Date "2006.03.12"]
[Round "3"]
[White "Rahman,SM"]
[Black "Abu Sufian,S"]
[Result "0-1"]
[WhiteElo "2273"]
[BlackElo "2278"]
[EventDate "2006.03.10"]

1. e4 c5 2. Nf3 d6 3. d4 cxd4 4. Nxd4 Nf6 5. Nc3 g6 6. f3 Bg7 7. Be3 Nc6 8.
Bc4 O-O 9. Qd2 Bd7 10. h4 h5 11. O-O-O Ne5 12. Bb3 Rc8 13. Rdg1 Re8 14. g4
hxg4 15. h5 Nxh5 16. Rxh5 gxh5 17. Qh2 e6 18. Qxh5 Qf6 19. f4 Nc4 20. Bxc4
Rxc4 21. Qxg4 Kf8 22. Nde2 Rec8 23. Bf2 b5 24. a4 a5 25. Bh4 Qh6 26. Bg5
Qh7 27. b3 Rxc3 28. Nxc3 Rxc3 29. Qe2 Qh3 30. Qd2 Qe3 31. Qxe3 Rxe3 32. f5
Rh3 33. Bd2 Bh6 34. Bxh6+ Rxh6 35. fxe6 Rxe6 0-1

[Event "32nd ch-BAN"]
[Site "Dhaka BAN"]
[Date "2006.03.12"]
[Round "3"]
[White "Reefat,S"]
[Black "Rahman,Zia"]
[Result "1-0"]
[WhiteElo "2478"]
[BlackElo "2557"]
[EventDate "2006.03.10"]

1. e4 g6 2. d4 Bg7 3. Nc3 c6 4. Nf3 d6 5. Be3 Nf6 6. Qd2 Qa5 7. a3 Nbd7 8.
h3 e5 9. dxe5 dxe5 10. Bc4 O-O 11. O-O b5 12. Ba2 Bb7 13. Qd6 h6 14. Rfd1
Kh7 15. g4 Rad8 16. g5 Ng8 17. gxh6 Nxh6 18. b4 Qxa3 19. Bxf7 Nxf7 20. Ng5+
Nxg5 21. Rxa3 Nf3+ 22. Kh1 a6 23. Qc7 Bc8 24. Bc5 Nxc5 25. Rxd8 Ne6 26.
Rxf8 Nxc7 27. Rxc8 Ne6 28. Rxc6 Ned4 29. Rc7 Ne1 30. Rxa6 Nexc2 31. Nd5 1-0

[Event "32nd ch-BAN"]
[Site "Dhaka BAN"]
[Date "2006.03.12"]
[Round "3"]
[White "Haque,R1"]
[Black "Hossain,Enay"]
[Result "1-0"]
[WhiteElo "2193"]
[BlackElo "2110"]
[EventDate "2006.03.10"]

1. Nf3 Nf6 2. d3 d5 3. Bg5 Bf5 4. Nbd2 Nbd7 5. c4 c6 6. cxd5 cxd5 7. Qa4 a6
8. e4 b5 9. Qd4 e5 10. Bxf6 gxf6 11. Qxd5 Be6 12. Qc6 Bc5 13. a3 O-O 14. b4
Ba7 15. Be2 Qe7 16. Qc2 Nb6 17. d4 Rac8 18. Qd3 Na4 19. d5 Rc3 20. Qb1 Bd7
21. O-O Rfc8 22. Nb3 Qd6 23. Ne1 f5 24. Bf3 Qg6 25. Kh1 fxe4 26. Bxe4 f5
27. Bc2 Kh8 28. Na5 Qh5 29. Nc6 Bxc6 30. dxc6 e4 31. Bxa4 bxa4 32. Qb2 Bd4
33. Qd2 Be5 34. f4 Bf6 35. Rc1 R8xc6 36. Rxc3 Rxc3 37. Qd6 Kg7 38. Qxa6
Rxa3 39. Nc2 Rc3 40. Ne3 Rd3 41. Rg1 Qe2 42. Nxf5+ Kg6 43. Ng3 Qe3 44. Qxa4
Rd8 45. Qc6 Qxf4 46. Rf1 Qe5 47. Nxe4 Rf8 48. Rxf6+ Kg7 49. Qd7+ 1-0

[Event "32nd ch-BAN"]
[Site "Dhaka BAN"]
[Date "2006.03.12"]
[Round "3"]
[White "Ahmed,SN"]
[Black "Abdul,Mal"]
[Result "1-0"]
[WhiteElo "2321"]
[BlackElo "2233"]
[EventDate "2006.03.10"]

1. e4 d5 2. exd5 Qxd5 3. Nc3 Qd6 4. d4 Nf6 5. Nf3 a6 6. g3 Bg4 7. Bg2 Nc6
8. Bf4 Qd7 9. d5 Nb4 10. Ne5 Bxd1 11. Nxd7 Kxd7 12. Rxd1 a5 13. a3 Na6 14.
O-O Rb8 15. Nb5 Rg8 16. Bh3+ Kd8 17. Bd2 a4 18. Rfe1 g6 19. Bc3 Ne8 20. Rd4
Bg7 21. Rde4 Bf8 22. Rxa4 h5 23. Rf4 f5 24. Rc4 Nd6 25. Nxd6 cxd6 26. Bd4
Bg7 27. Ba7 Ra8 28. Be3 Bf6 29. Bf1 Kd7 30. a4 Nc7 31. Rd1 Rgc8 32. b3 Na6
33. Bd4 Bxd4 34. Rdxd4 Nc7 35. h3 Ra5 36. Rb4 Rb8 37. Bc4 Rc5 38. Kg2 b6
39. g4 hxg4 40. hxg4 e5 41. dxe6+ Nxe6 42. Bxe6+ Kxe6 43. Rd2 d5 44. Kg3
Rc3+ 45. f3 Rc5 46. Kf4 fxg4 47. Kxg4 Ke5 48. Re2+ Kf6 49. Rf4+ Kg7 50.
Re7+ Kh6 51. Rff7 Rh8 52. Re1 d4 53. Rh1+ Rh5 54. Rxh5+ gxh5+ 55. Kf4 h4
56. Rd7 Kg6 57. Rd6+ Kf7 58. Rxd4 h3 59. Rd1 Kf6 60. Rh1 Ke6 61. Kg3 Rc8
62. Rxh3 1-0

[Event "32nd ch-BAN"]
[Site "Dhaka BAN"]
[Date "2006.03.12"]
[Round "3"]
[White "Hossain,Enam"]
[Black "Hasan Md,E"]
[Result "1-0"]
[WhiteElo "2468"]
[BlackElo "2147"]
[EventDate "2006.03.10"]

1. e4 g6 2. d4 Bg7 3. c4 d6 4. Nc3 Nf6 5. Nf3 O-O 6. Be2 e5 7. O-O Nc6 8.
d5 Ne7 9. b4 Nd7 10. a4 f5 11. Ng5 Nf6 12. f3 f4 13. c5 h6 14. Ne6 Bxe6 15.
dxe6 d5 16. exd5 Nfxd5 17. Ne4 Qc8 18. Qb3 Qxe6 19. Bc4 Kh7 20. Bb2 Rad8
21. Rad1 c6 22. Nd6 Rd7 23. Rfe1 a6 24. Rd2 b5 25. axb5 axb5 26. Bxd5 Nxd5
27. Ra1 Qf6 28. Ra6 Qh4 29. Re2 Ne3 30. Bc3 e4 31. Be1 Qh5 32. Nxe4 Bd4 33.
Bf2 Nf5 34. Rxc6 Bxf2+ 35. Rxf2 Nd4 36. Qd3 Qe5 37. Rd6 Rxd6 38. cxd6 Rd8
39. Qc3 1-0

[Event "32nd ch-BAN"]
[Site "Dhaka BAN"]
[Date "2006.03.12"]
[Round "3"]
[White "Abdulla,AlR"]
[Black "Hossain,D"]
[Result "1-0"]
[WhiteElo "2477"]
[BlackElo "2136"]
[EventDate "2006.03.10"]

1. d4 Nf6 2. Bg5 g6 3. Nc3 d5 4. Qd2 h6 5. Bf4 c6 6. f3 Bg7 7. e4 dxe4 8.
fxe4 Nh5 9. Be3 e5 10. Nf3 exd4 11. Nxd4 O-O 12. O-O-O Bg4 13. Be2 Bxe2 14.
Qxe2 Qe7 15. Nf5 gxf5 16. Qxh5 fxe4 17. Bxh6 f5 18. Bxg7 Kxg7 19. Rhe1 Qf7
20. Qxf7+ Kxf7 21. g4 fxg4 22. Rf1+ Ke7 23. Rxf8 Kxf8 24. Rd8+ Ke7 25. Rg8
e3 26. Kd1 Kd7 27. Ke2 Kc7 28. Kxe3 a5 29. Na4 b6 30. Rg7+ Kd8 31. Nxb6 Ra6
32. Rb7 c5 33. Ke4 Nc6 34. Kd5 Na7 35. Kxc5 a4 36. Kb4 a3 37. b3 Nc6+ 38.
Kb5 1-0

[Event "32nd ch-BAN"]
[Site "Dhaka BAN"]
[Date "2006.03.12"]
[Round "3"]
[White "Hasan,Me"]
[Black "Murshed,N"]
[Result "0-1"]
[WhiteElo "2349"]
[BlackElo "2460"]
[EventDate "2006.03.10"]

1. e4 d5 2. exd5 Qxd5 3. Nc3 Qd8 4. d4 Nf6 5. Bc4 Bg4 6. Qd3 e6 7. Nf3 c6
8. Bg5 Bxf3 9. gxf3 Be7 10. O-O-O Nbd7 11. Qe2 Nd5 12. Bd2 N7b6 13. Bd3
Nxc3 14. Bxc3 Na4 15. Qe1 Qb6 16. Bc4 O-O-O 17. Rg1 Nxc3 18. Qxc3 Bf6 19.
Rg4 Rd7 20. Qb3 Rhd8 21. c3 c5 22. Bb5 Rd6 23. Kb1 a6 24. Ba4 Qxb3 25. Bxb3
cxd4 26. cxd4 Rxd4 27. Rdxd4 Rxd4 28. Kc2 Kc7 29. Bc4 Kd6 30. b3 h5 31. Re4
Rxe4 32. fxe4 Ke5 33. Be2 g6 34. Kd3 Kf4 35. a3 Bh4 36. f3 Bf2 37. Kd2 Bg1
38. Ke1 Bxh2 39. Kf2 Bg3+ 40. Kg2 Be1 41. b4 b5 42. Bd3 Ke3 43. Bb1 Bc3 44.
Bc2 Kd2 45. Bb3 Bb2 46. a4 Kc3 0-1

[Event "32nd ch-BAN"]
[Site "Dhaka BAN"]
[Date "2006.03.13"]
[Round "4"]
[White "Abu Sufian,S"]
[Black "Murshed,N"]
[Result "1/2-1/2"]
[WhiteElo "2278"]
[BlackElo "2460"]
[EventDate "2006.03.10"]

1. e4 d5 2. exd5 Qxd5 3. Nc3 Qd8 4. d4 Nf6 5. Nf3 Bg4 6. h3 Bh5 7. g4 Bg6
8. Ne5 Nbd7 9. Qe2 e6 10. Bg2 c5 1/2-1/2

[Event "32nd ch-BAN"]
[Site "Dhaka BAN"]
[Date "2006.03.13"]
[Round "4"]
[White "Hossain,D"]
[Black "Hasan,Me"]
[Result "0-1"]
[WhiteElo "2136"]
[BlackElo "2349"]
[EventDate "2006.03.10"]

1. e4 c5 2. Nf3 d6 3. d4 cxd4 4. Nxd4 Nf6 5. Nc3 a6 6. a4 e5 7. Nf3 b6 8.
Bg5 Nbd7 9. Bc4 Bb7 10. Qe2 Be7 11. Rd1 Qc7 12. O-O O-O 13. Nh4 g6 14. Kh1
Nc5 15. Bxf6 Bxf6 16. Nf3 Ne6 17. Bd5 Nf4 18. Qd2 Be7 19. Bxb7 Qxb7 20. g3
Ne6 21. Nd5 Rfd8 22. b4 Rac8 23. c3 Kg7 24. Qe3 Rc6 25. Rd3 Rdc8 26. Nd2
Bd8 27. f4 Nc7 28. fxe5 dxe5 29. Nf3 Re6 30. Rfd1 Ne8 31. h3 Nd6 32. Nd2 h6
33. h4 Qc6 34. Rf1 Qxa4 35. Nxb6 Bxb6 36. Qxb6 Qb5 37. Qe3 Qb7 38. Kg2 Ne8
39. Qe2 Nf6 40. Rdf3 Rc7 41. Re3 Qc8 42. c4 Rb6 43. Rb3 Rd6 44. Kh2 Rd4 45.
Rd3 Rcd7 46. Rxd4 Rxd4 47. Qf2 Qd8 48. Nf3 Rxe4 49. Qc5 Ng4+ 50. Kg1 Qd3
51. b5 Rxc4 52. Qa7 e4 53. bxa6 exf3 54. Qb7 Qxf1+ 0-1

[Event "32nd ch-BAN"]
[Site "Dhaka BAN"]
[Date "2006.03.13"]
[Round "4"]
[White "Hasan Md,E"]
[Black "Abdulla,AlR"]
[Result "0-1"]
[WhiteElo "2147"]
[BlackElo "2477"]
[EventDate "2006.03.10"]

1. e4 e5 2. c4 Nf6 3. Nc3 Bc5 4. g3 d6 5. Bg2 Ng4 6. Nh3 Be6 7. d3 Qd7 8.
O-O h6 9. Kh1 Nf6 10. Ng1 h5 11. Bg5 Ng4 12. Qe1 h4 13. gxh4 f6 14. Be3
Rxh4 15. Nf3 Rh7 16. Rd1 Nc6 17. Kg1 O-O-O 18. Bxc5 dxc5 19. h3 Nh6 20. Qe3
Nd4 21. Ne1 Nf7 22. Nd5 Bxh3 23. Rd2 Bxg2 24. Nxg2 Ng5 0-1

[Event "32nd ch-BAN"]
[Site "Dhaka BAN"]
[Date "2006.03.13"]
[Round "4"]
[White "Abdul,Mal"]
[Black "Hossain,Enam"]
[Result "1/2-1/2"]
[WhiteElo "2233"]
[BlackElo "2468"]
[EventDate "2006.03.10"]

1. d4 d5 2. c4 c6 3. Nf3 Nf6 4. e3 Bf5 5. Nc3 e6 6. Be2 Nbd7 7. O-O Bd6 8.
Nh4 Bg6 9. g3 O-O 10. Nxg6 hxg6 11. c5 Bc7 12. f4 Ba5 13. Bd2 b6 14. cxb6
axb6 15. Bd3 Qe7 16. g4 Rfc8 17. g5 Nh7 18. h4 c5 19. h5 Ndf8 20. hxg6 Nxg6
21. a3 Nxg5 22. Bxg6 fxg6 23. fxg5 Qxg5+ 24. Kh1 Qh4+ 25. Kg2 Qg5+ 26. Kh3
Qh6+ 27. Kg2 Qg5+ 28. Kh3 Qh6+ 29. Kg2 1/2-1/2

[Event "32nd ch-BAN"]
[Site "Dhaka BAN"]
[Date "2006.03.13"]
[Round "4"]
[White "Hossain,Enay"]
[Black "Ahmed,SN"]
[Result "1/2-1/2"]
[WhiteElo "2110"]
[BlackElo "2321"]
[EventDate "2006.03.10"]

1. d4 Nf6 2. Bg5 e6 3. Nd2 Be7 4. e4 d6 5. Bd3 Nc6 6. c3 e5 7. Ne2 O-O 8.
d5 Nb8 9. Bxf6 Bxf6 10. O-O g6 11. Kh1 Bg7 12. f4 exf4 13. Nxf4 Nd7 14. Nf3
Ne5 15. Nxe5 Bxe5 16. Qf3 Qh4 17. g3 Qe7 18. Rf2 Bd7 19. Kg2 Rae8 20. Raf1
a6 21. Nh3 Bg7 22. Qf4 h6 23. Qd2 Bb5 24. Re2 Bd7 25. Ref2 Qe5 26. Nf4 c5
27. dxc6 Bxc6 28. Re2 Kh7 29. Kg1 Qc5+ 30. Rff2 Re7 31. Kf1 Kg8 32. Qc2
Rfe8 33. Qb3 Kh7 34. Bc4 Rf8 35. Nd3 Qg5 36. Rf4 f5 37. exf5 Rxf5 38. Rxe7
Qxe7 39. Rxf5 gxf5 40. Be6 Qg5 41. Bg8+ Kh8 42. Qe6 Qd2 43. Ne1 Qxh2 44.
Qc8 Qh1+ 45. Ke2 Qe4+ 46. Kf2 Qe8 47. Qxe8 Bxe8 48. Be6 b5 49. Bxf5 Bf7 50.
a3 d5 51. Nf3 a5 52. Ke3 b4 53. axb4 axb4 54. cxb4 Bxb2 55. b5 Ba3 56. Kd4
Bd6 57. Ne5 Be8 58. b6 Kg7 59. Kxd5 Bb8 60. g4 Kf6 61. Bd7 Bxe5 62. Bxe8
Bf4 63. Kc6 Ke7 64. Bg6 Kd8 65. Kb7 Be3 66. Ka7 Kc8 67. Bf5+ Kd8 68. Ka6 h5
69. b7 Bf4 70. g5 Ke7 71. Ka7 Kf7 72. b8=Q Bxb8+ 73. Kxb8 h4 74. Kc7 h3 75.
Kc6 h2 1/2-1/2

[Event "32nd ch-BAN"]
[Site "Dhaka BAN"]
[Date "2006.03.13"]
[Round "4"]
[White "Rahman,SM"]
[Black "Reefat,S"]
[Result "0-1"]
[WhiteElo "2273"]
[BlackElo "2478"]
[EventDate "2006.03.10"]

1. e4 e6 2. d4 d5 3. Nc3 Nf6 4. Bg5 dxe4 5. Nxe4 Be7 6. Bxf6 Bxf6 7. Nf3
Nd7 8. Bd3 O-O 9. Qe2 b6 10. Nd6 g6 11. Be4 Rb8 12. Nxc8 Qxc8 13. Bc6 b5
14. Bxb5 c6 15. Ba6 Qc7 16. c3 e5 17. O-O Rfe8 18. dxe5 Nxe5 19. Rab1 Rb6
20. Bc4 c5 21. Rfe1 Kg7 22. b3 Rbb8 23. h3 Qa5 24. Nxe5 Rxe5 25. Qf3 Rf5
26. Qg3 Rd8 27. b4 cxb4 28. cxb4 Qb6 29. Re2 Rd4 30. Bd3 Rfd5 31. Bc2 Rxb4
32. Rxb4 Qxb4 33. Bb3 Rd7 34. Qg4 Qb5 35. Bc4 Qb1+ 36. Kh2 Rd4 37. Qc8 Qc1
38. Ba6 Qf4+ 39. g3 Qd6 40. Bb7 h5 41. Qc6 Qa3 42. Qa6 Qc5 43. Qc6 Qb4 44.
Re4 Qb2 45. Kg2 Rd2 46. Rf4 Be5 47. Rf3 Bd4 48. h4 Bxf2 0-1

[Event "32nd ch-BAN"]
[Site "Dhaka BAN"]
[Date "2006.03.13"]
[Round "4"]
[White "Rahman,Zia"]
[Black "Haque,R1"]
[Result "1-0"]
[WhiteElo "2557"]
[BlackElo "2193"]
[EventDate "2006.03.10"]

1. d4 d6 2. e4 Nf6 3. Bd3 e5 4. Nf3 Nbd7 5. O-O Be7 6. c3 O-O 7. Nbd2 c6 8.
Re1 Qc7 9. Nf1 Re8 10. Ng3 Bf8 11. h3 h6 12. Bd2 b5 13. a4 Rb8 14. axb5
cxb5 15. Nh2 a6 16. f4 Nb6 17. Nf3 exf4 18. Bxf4 g5 19. Bc1 Bg7 20. h4 g4
21. Nh2 Nc4 22. Rf1 Qb6 23. Kh1 Bb7 24. Rxf6 Nxb2 25. Bxb2 Bxf6 26. Qxg4+
Kf8 27. Nh5 1-0

[Event "32nd ch-BAN"]
[Site "Dhaka BAN"]
[Date "2006.03.14"]
[Round "5"]
[White "Reefat,S"]
[Black "Abu Sufian,S"]
[Result "1-0"]
[WhiteElo "2478"]
[BlackElo "2278"]
[EventDate "2006.03.10"]

1. e4 c5 2. Nf3 d6 3. d4 cxd4 4. Nxd4 Nf6 5. Nc3 a6 6. a4 g6 7. Be2 Bg7 8.
Be3 O-O 9. O-O Nc6 10. Nb3 b6 11. f4 Bb7 12. Bf3 Nd7 13. Qd2 Nc5 14. Qf2
Nb4 15. Rad1 Qc8 16. Nd4 Qc7 17. Rd2 Rac8 18. f5 Qd7 19. Qh4 Rc7 20. Bh6
Nxa4 21. Bxg7 Kxg7 22. Bg4 Qe8 23. Nxa4 Qxa4 24. fxg6 hxg6 25. Ne6+ 1-0

[Event "32nd ch-BAN"]
[Site "Dhaka BAN"]
[Date "2006.03.14"]
[Round "5"]
[White "Haque,R1"]
[Black "Rahman,SM"]
[Result "1-0"]
[WhiteElo "2193"]
[BlackElo "2273"]
[EventDate "2006.03.10"]

1. Nf3 d5 2. d3 Nf6 3. Bg5 Bf5 4. Nbd2 Nbd7 5. c4 c6 6. cxd5 cxd5 7. Bxf6
Nxf6 8. e4 Bg4 9. e5 Nd7 10. Qa4 Bxf3 11. Nxf3 e6 12. Be2 b5 13. Qf4 Qa5+
14. Kf1 Be7 15. g3 O-O 16. Kg2 Rac8 17. Rhc1 Nb6 18. Nd4 Qa6 19. h4 Na4 20.
Qd2 Qb6 21. Nf3 Nc5 22. Rc2 Rc7 23. Rac1 Rfc8 24. Qe3 b4 25. d4 Nd7 26. Qb3
a5 27. Qa4 f6 28. Rxc7 Rxc7 29. Rxc7 Qxc7 30. Bb5 Nf8 31. Qd1 Ng6 32. Bd3
fxe5 33. Bxg6 e4 34. Bxe4 dxe4 35. Ne5 Qb7 36. Qg4 Qd5 37. Qf4 Bf6 38. Ng4
Qxd4 39. Nxf6+ gxf6 40. Qb8+ Kf7 41. Qc7+ Kg6 42. Qxa5 Qxb2 43. Qa8 e3 44.
Qg8+ Kf5 45. Qxh7+ Ke5 46. Qc7+ Kd5 47. Qd7+ Kc5 48. Qc7+ Kb5 49. Qb7+ Kc4
50. Qe4+ Kb5 51. Qd3+ Ka5 52. Qxe3 e5 53. h5 Qc3 54. Qa7+ Kb5 55. Qb7+ Kc4
56. h6 Qd2 57. Qc6+ Kd3 58. Qd5+ Kc3 59. Qxd2+ 1-0

[Event "32nd ch-BAN"]
[Site "Dhaka BAN"]
[Date "2006.03.14"]
[Round "5"]
[White "Ahmed,SN"]
[Black "Rahman,Zia"]
[Result "0-1"]
[WhiteElo "2321"]
[BlackElo "2557"]
[EventDate "2006.03.10"]

1. e4 e6 2. d4 c5 3. Nf3 cxd4 4. Nxd4 Nc6 5. Nc3 a6 6. Be3 Nf6 7. Be2 Bb4
8. O-O Bxc3 9. bxc3 Nxe4 10. Bf3 Ng5 11. Bxc6 dxc6 12. Nxc6 Qc7 13. Bxg5
bxc6 14. Qd4 f6 15. Be3 e5 16. Qc4 Rb8 17. Rfd1 Qe7 18. Qxc6+ Kf7 19. Rab1
Rd8 20. h3 Qe6 21. Qc7+ Rd7 22. Qc5 Bb7 23. c4 h5 24. Rb6 Rxd1+ 25. Kh2
Rh1+ 26. Kxh1 Qxh3+ 0-1